Every Country Flag WITHOUT Symbols - Statistics

General Stats
  • This quiz has been taken 40 times
  • The average score is 38 of 47
Answer Stats
Hint Answer % Correct
Indonesia
97%
Romania
97%
Russia
97%
France
94%
Germany
94%
Italy
94%
Belgium
91%
Chad
91%
Ireland
91%
Poland
91%
Austria
88%
Lithuania
88%
Netherlands
88%
Qatar
88%
Ukraine
88%
Armenia
85%
Bahrain
85%
Bulgaria
85%
Latvia
85%
Monaco
85%
Nigeria
85%
Yemen
85%
Hungary
82%
Mali
82%
Thailand
82%
Ivory Coast
79%
Seychelles
79%
Colombia
76%
Estonia
76%
Guinea
76%
Luxembourg
76%
Benin
74%
Czech Republic
74%
Kuwait
74%
Madagascar
74%
Sudan
74%
United Arab Emirates
74%
Botswana
71%
Sierra Leone
71%
Bahamas
68%
Gambia
65%
Trinidad & Tobago
65%
Mauritius
62%
Rep. of the Congo
62%
Tanzania
62%
Gabon
59%
Guyana
56%
No matching quizzes found
Score Distribution
Percent of People with Each Score
Percentile by Number Answered
Your Score History
You have not taken this quiz